Metóda peňažných tokov v životnom poistení dizertačná práca

Na minha lista:
Detalhes bibliográficos
Autor principal: Kotlárová, Alena
Autor Corporativo: Fakulta hospodárskej informatiky EU. Katedra matematiky a aktuárstva
Outros Autores: Sakálová, Katarína, 1955-
Formato: Livro
Idioma:eslovaco
Publicado em: Bratislava 2015
Assuntos:
Tags: Adicionar Tag
Sem tags, seja o primeiro a adicionar uma tag!

MARC

LEADER 00000nbm a2200000 4500
001 0206539
005 20240502073430.6
041 0 |a slo 
044 |a SK 
245 1 0 |a Metóda peňažných tokov v životnom poistení  |b dizertačná práca  |c Alena Kotlárová ; školiteľ: Katarína Sakálová 
264 1 |a Bratislava  |c 2015 
300 |a 98 s. 
610 2 0 |a poistenie životné 
610 2 0 |a cash flow 
610 2 0 |a metódy kvantitatívne 
610 2 0 |a modely ekonometrické 
100 1 |a Kotlárová, Alena 
700 1 |a Sakálová, Katarína, 1955- 
710 2 |a Fakulta hospodárskej informatiky EU. Katedra matematiky a aktuárstva